00647nam a2200193Ia 4500008004100000020001800041082001200059100002100071245007300092250000700165260004600172300002300218500001900241600002000260650002000280942000700300952012900307999001700436240925s9999 xx 000 0 und d a9780199402076 a370 SID aSiddiqui, Shahid 0aEducation Policies in Pakistan: politics, projections, and practices aNA aKarachi:bOxford University Pressc,2016. a142p.b0fOriginal aIncludes Index aSocial Sciences aSocial Sciences cBK 001040708SSaUITUbUITUd2019-02-02eAllied Book Companyg995.00l0o370 SIDpQ14395r2024-09-25 07:17:17w2024-09-25yBK c16894d16894